000 00406nam a2200157Ia 4500
008 210716s1995 xx 000 0 und d
020 _a74624679
041 _aeng
082 _a005.3 TAXR
100 _aTaxali, Ravi Kant.
245 _aPC software made simple.
250 _a1
260 _aNew Delhi
_bTata McGraw Hill Publishing Company Ltd
_c1995
300 _axxiv,726
650 _aPrograms(005.3)
999 _c183437
_d183437